Podnikové počtovníctvo, účtovníctvo I. nástin prednášok

Saved in:
Bibliographic Details
Main Author: Králiček, Vladimír
Format: Book
Language:Slovak
Published: Bratislava Ústav podnikového hospodárstva 1940
Tags: Add Tag
No Tags, Be the first to tag this record!

MARC

LEADER 00000nam a2200000 4500
001 0267567
005 20240822101708.9
041 0 |a slo 
044 |a SK 
245 1 0 |a Podnikové počtovníctvo, účtovníctvo I.  |b nástin prednášok  |c Vladimír Králiček 
264 1 |a Bratislava  |b Ústav podnikového hospodárstva  |c 1940 
100 1 |a Králiček, Vladimír